banner koha

Genetic analysis for sooty mold resistance and heart of palm yield in Archontophoenix (Registro n. 180009)

MARC details
000 -LÍDER
campo de controle de tamanho fixo 00832nas a2200277 4500
001 - NÚMERO DE CONTROLE
campo de controle BR0404619
003 - IDENTIFICADOR DO NÚMERO DE CONTROLE
campo de controle BR-BrBNA
005 - DATA E HORÁRIO DA ÚLTIMA TRANSAÇÃO
campo de controle 20231205104846.0
007 - CAMPO FIXO DE DESCRIÇÃO FÍSICA--INFORMAÇÃO GERAL
campo de controle de tamanho fixo ta
008 - CAMPO DE DADOS FIXOS--INFORMAÇÃO GERAL
campo de controle de tamanho fixo 230509b bl.|||p| |||| 00| 00por d
040 ## - FONTE DA CATALOGAÇÃO
Instituição da catalogação original BR-BrBNA
Idioma da catalogação por
Instituição que transcreveu o registro Biblioteca Nacional de Agricultura
041 ## - CÓDIGO DE IDIOMA
Código do idioma do texto/trilha sonora ou título diferente (En)
072 ## - CÓDIGO DE CATEGORIA DE ASSUNTO
Código de Categoria de Assunto F30; H20
100 1# - ENTRADA PRINCIPAL--NOME PESSOAL
Nome pessoal Bovi, M.L.A.
100 1# - ENTRADA PRINCIPAL--NOME PESSOAL
Nome pessoal Resende, M.D.V. de
100 1# - ENTRADA PRINCIPAL--NOME PESSOAL
Nome pessoal Sáes, L.A.
100 1# - ENTRADA PRINCIPAL--NOME PESSOAL
Nome pessoal Uzzo, R.P.
245 1# - TÍTULO
Título Genetic analysis for sooty mold resistance and heart of palm yield in Archontophoenix
650 ## - ASSUNTO--TERMO TÓPICO
Cabeçalho tópico ou nome geográfico PALMITO
650 ## - ASSUNTO--TERMO TÓPICO
Cabeçalho tópico ou nome geográfico FUMAGINA
650 ## - ASSUNTO--TERMO TÓPICO
Cabeçalho tópico ou nome geográfico VARIEDADE RESISTENTE
650 ## - ASSUNTO--TERMO TÓPICO
Cabeçalho tópico ou nome geográfico PRODUÇÃO VEGETAL
773 0# - ENTRADA ANALÍTICA
Título Scientia Agrícola (Brazil)
ISSN - International Standard Serial Number ISSN 0103-9016
Partes relacionadas (Mar-Apr 2004), v. 61(2) p. 178-184
Número de controle do registro BR0404619
909 ## -
-- 202311
-- Lúcia
-- 55
-- Lúcia Elande
942 ## - ELEMENTOS DE ENTRADA ADICIONADOS (KOHA)
Fonte da classificação ou esquema de arquivamento na estante Classificação AGRIS
Ocultar no OPAC Não
Tipo de material Koha Analítica
Exemplares
Situação do descarte Fonte da classificação ou esquema de arquivamento na estante Situação física Não pode ser emprestado Biblioteca de origem Biblioteca atual Localização na estante Enumeração do periódico / cronologia Total de empréstimos Data de último acesso Número do exemplar Tipo de material Koha Fonte de aquisição
  Classificação AGRIS   Consulta local Biblioteca Nacional de Agricultura - Binagri Biblioteca Nacional de Agricultura - Binagri   (Mar-Apr 2004), v. 61(2) p. 178-184   29/11/2023 01 Periódicos Portaria Interministerial nº 164/94

BINAGRI

Telefone: (61)3218-2567/2388/3357/2097 - binagri@agro.gov.br

Ministério da Agricultura e Pecuária , Esplanada dos Ministérios, Bloco D, Anexo B, Brasília/DF, CEP: 70.043-900